Todos los colores de la oscuridad /
Đã lưu trong:
| Tác giả chính: | |
|---|---|
| Tác giả khác: | |
| Định dạng: | Sách |
| Ngôn ngữ: | Tiếng Tây Ban Nha |
| Được phát hành: |
Barcelona, España :
Salamandra,
2025, c2025
|
| Loạt: | (Salamandra Narrativa)
|
| Những chủ đề: | |
| Các nhãn: |
Không có thẻ, Là người đầu tiên thẻ bản ghi này!
|
MARC
| LEADER | 00000nam^a2200000^a^4500 | ||
|---|---|---|---|
| 001 | 000621958 | ||
| 005 | 20250929000000.0 | ||
| 009 | 20260310133909.467 | ||
| 020 | |a 978-84-19851-70-3 | ||
| 037 | |a Acervo ITESO - Biblioteca | ||
| 041 | |a ESP | ||
| 082 | |a 823. |b WHI | ||
| 100 | |a Whitaker, Chris |e (autor) | ||
| 245 | 1 | 0 | |a Todos los colores de la oscuridad / |c C. Whitaker ; tr. por E. Vázquez Nacarino. |
| 264 | 4 | |a Barcelona, España : |b Salamandra, |c 2025, c2025 | |
| 300 | |a 557 p. | ||
| 336 | |a texto |b txt |2 rdacontenido | ||
| 337 | |a sin mediación |b n |2 rdamedio | ||
| 338 | |a volumen |b nc |2 rdasoporte | ||
| 440 | 1 | |a (Salamandra Narrativa) | |
| 500 | |a Traducción de: All the Colours of the Dark | ||
| 649 | |a XX | ||
| 650 | |a Novela Inglesa | ||
| 650 | |a Literatura Inglesa - |y Siglo XXI | ||
| 650 | |a Literatura Policíaca y de Misterio - |z Inglaterra | ||
| 650 | |a Amistad en la Literatura | ||
| 650 | |a Secuestros en la Literatura | ||
| 700 | |a Vázquez Nacarino, Eugenia |e (traducción) | ||
| 910 | |a Fondo General | ||
| 920 | |a Impresos - Libros | ||
| 930 | |a Colección General | ||
| 940 | |a Literatura | ||
| 905 | |a 101 | ||
| 901 | |a 621958-10 |b IT1 |c LIT |i C190630 |u 20250929 | ||
| 902 | |a https://opac.biblio.iteso.mx/vufind/Record/000621958 | ||